<?xml version="1.0" encoding="UTF-8"?><record xmlns="http://www.loc.gov/MARC21/slim" xmlns:zs="http://docs.oasis-open.org/ns/search-ws/sruResponse">
  <leader>00879nz  a2200217n  4500</leader>
  <controlfield tag="001">no2013011719</controlfield>
  <controlfield tag="003">DLC</controlfield>
  <controlfield tag="005">20130203075139.0</controlfield>
  <controlfield tag="008">130201n| acaabaaan          |a ana     c</controlfield>
  <datafield ind1=" " ind2=" " tag="010">
    <subfield code="a">no2013011719</subfield>
  </datafield>
  <datafield ind1=" " ind2=" " tag="035">
    <subfield code="a">(OCoLC)oca09396722</subfield>
  </datafield>
  <datafield ind1=" " ind2=" " tag="040">
    <subfield code="a">IlMpPL</subfield>
    <subfield code="b">eng</subfield>
    <subfield code="c">IlMpPL</subfield>
  </datafield>
  <datafield ind1=" " ind2="0" tag="130">
    <subfield code="a">Film noir archive collection</subfield>
  </datafield>
  <datafield ind1=" " ind2="0" tag="530">
    <subfield code="a">Archive collection</subfield>
  </datafield>
  <datafield ind1=" " ind2=" " tag="643">
    <subfield code="a">Burbank, Calif.</subfield>
    <subfield code="b">Turner Entertainment</subfield>
    <subfield code="b">Warner Home Video</subfield>
  </datafield>
  <datafield ind1=" " ind2=" " tag="644">
    <subfield code="a">f</subfield>
    <subfield code="5">IlMpPL</subfield>
  </datafield>
  <datafield ind1=" " ind2=" " tag="645">
    <subfield code="a">t</subfield>
    <subfield code="5">DPCC</subfield>
    <subfield code="5">IlMpPL</subfield>
  </datafield>
  <datafield ind1=" " ind2=" " tag="646">
    <subfield code="a">s</subfield>
    <subfield code="5">IlMpPL</subfield>
  </datafield>
  <datafield ind1=" " ind2=" " tag="670">
    <subfield code="a">Born to be bad, 2012:</subfield>
    <subfield code="b">container (Film noir archive collection)</subfield>
  </datafield>
  <datafield ind1=" " ind2=" " tag="670">
    <subfield code="a">Warner archives WWW site, Feb. 1, 2013:</subfield>
    <subfield code="b">WB archive collection (genre Film Noir lists 24 titles; eight appear to have statement "Film noir archive collection" at head of title on containers)</subfield>
  </datafield>
  <datafield ind1=" " ind2=" " tag="675">
    <subfield code="a">They only kill their masters, 2009: container (Archive collection; WB archive collection)</subfield>
  </datafield>
</record>
